000 00509nam a2200181 a 4500
001 4744
003 CO-ViMGA
008 141112s2004 ck r 000 u spa d
040 _aCO-ViMGA
_bspa
_cCO-ViMGA
082 0 4 _a574.87 M673
100 1 _aMorgan, Sara J
_92891
245 1 0 _aCultivo de celulas animales /
_cMorgan Sara J. , Darling David C.
260 _aZaragoza :
_bAcribia,
_c1995
300 _a159 p : il
650 1 4 _aCITOLOGIA ANIMAL
_92892
650 1 4 _aDarling, David C.
_92893
942 _2ddc
_cBK
999 _c16752
_d16752